000 00671nam a2200289Ia 4500
005 20260324143724.0
008 008 260324s9999 xx 000 0 eng d
020 _a9781003576570
037 _aEBOOK
040 _aCRL
040 _beng
040 _cCRL
041 _2eng
041 _aeng
084 _qCRL
100 _aTyler Cowen
_91207365
245 0 _aPublic Goods and Market Failures
245 2 _bA Critical Examination
260 _bTaylor and Francis
260 _c1991
365 _a
365 _b195
856 _uhttp://www.taylorfrancis.com/books/9781003576570
942 _cEBOOK
999 _c1822417
_d1822417